000 00644nam 22002293 4500
001 199831
010 _a978-989-54880-8-7
021 _aPT
_b482266/21
090 _a199831
100 _a20260112d u||y0pory50 ba
200 _aO infeliz pacto de George Walden
_fAndré F. Morgado e Rodolfo Oliveira
205 _a
210 _aPrior Velho
_cA Seita
_d2022
215 _a116 p.
_cil. ; encadernado
_d28 cm
606 _91586
_aDesenho Artístico
610 _abanda desenhada
675 _a74
_vPT
_zpor
700 _915653
_aMorgado
_bAndré F.
701 _915654
_aOliveira
_bRodolfo
801 _aPT
_bBMMN
_gRPC
830 _cIsabel
990 _cLIVROS